| 000 | 00000nam##2200000za#4500 |
| 001 | 9.662224 |
| 003 | CaOODSP |
| 005 | 20210615120437 |
| 007 | ta |
| 008 | 150407|2000||||xxc||||| f|0| 0 fre|d |
| 020 | |a0-662-65798-5 |
| 040 | |aCaOODSP|bfre |
| 041 | |aeng |
| 041 | |afre |
| 043 | |an-cn--- |
| 086 | 1 |aA22-216/2000 |
| 110 | 1 |aCanada. |bAgriculture et agroalimentaire Canada. |bDirection générale des politiques stratégiques. |
| 245 | 10|aL'inégalité de revenu au Canada : |bfamilles agricoles et non agricoles, 1985 à 1995 |
| 260 | |aOttawa - Ontario : |bAgriculture et Agroalimentaire Canada. |c2000. |
| 300 | |aTexte en français, xv, 53p. : |bfigures, tableaux ; |c28 cm. |
| 500 | |aN.B.: Le numéro de catalogue (A22-216/2000F) et ISBN (0-662-85131-5) sont imprimés sur cette publication. |
| 504 | |aBibliographie. |
| 546 | |aBilingue |
| 563 | |aReliure à spirale |
| 590 | |a01-16|b2001-04-20 |
| 691 | 07|aExploitation agricole|2gcpds |
| 691 | 07|aRevenu familial|2gcpds |
| 776 | 0#|tL'inégalité de revenu au Canada : |w(CaOODSP)9.637698 |
| 776 | 0#|tIncome inequality in Canada : |w(CaOODSP)9.693520 |
| 791 | |tIncome inequality in Canada : |eeng|w(CaOODSP)9.662223 |
| 986 | |aPublication n° 2062/F; Projet 99127wp |